00373nam a2200145Ia 4500008004100000020001800041082001700059100002300076245002600099250000600125260004400131300001200175500002600187650001400213230524s9999 xx 000 0 und d a9788187721628 a620.112bJAL a"Jalaludeen, S.Md" 0a Design Data Handbook a1 aKumbakonanbAnuradha Publicationsc2012 a30.5 p. aQuantity Number: 190 aMechanics